000 00580nam a2200241 a 4500
003 AR-BaBNM
005 20251128202858.0
008 082120s2002 ||||||||||||||000 | spa||
040 _cAR-BaBNM
100 1 _aSchaffter, Mundin
245 0 0 _aLa otra mejilla
260 _aBuenos Aires
_bLosada
_c1958
300 _a232 p.
490 0 _aNovelistas de España y América
650 4 _aLITERATURA ARGENTINA
650 4 _aNOVELAS
650 4 _aLITERATURA CONTEMPORANEA
650 4 _aHUMOR
650 4 _aRELIGION
655 _aLITERATURA
942 _cBK
998 _cMARTIN
999 _c1007
_d1007